000 00694nam a2200217Ia 4500
003 GCL
008 140319s9999 xx 000 0 ara d
040 _aGCL /
_cGCL
082 0 4 _a103
_bهـ ف
100 1 _aلويس عوض
245 1 0 _aهوراس : فن الشعر (هدية من الاديب عبدالفتاح الجمل) /
_cلويس عوض
700 1 _aهوراس
250 _aالثانية
260 _aالقاهرة :
_bالهيئة المصرية العامة للتأليف والنشر ،
_c1970
300 _a214 ص ؛
_c19 سم
490 _a
650 0 4 _aالفلسفة
650 0 4 _aالفلسفة الاغريقية
650 0 4 _aهوراس
942 _2ddc
_cBK
999 _c42210
_d42210